LEADER 00398nab a2200133 i 4500 001 000000285075 003 CaOOAMICUS 005 20180831165307.0 008 180831n xx uu u0 0und r 013 $a38466 040 $aSeMil$bita 245 10$a[vedi periodico]. 773 0 $t2014 : [3].$dPisa ; Roma : Fabrizio Serra, 2014 (copyr. 2015)$w()239404 996 $6245$a[vedi periodico]$9(OLS)http://semarc/title/309439 LEADER 00827nam a2200205 i 4500 001 000000237318 003 CaOOAMICUS 005 20141222000000.0 008 141222s1861 it u000 u ita u 013 $a216223 040 $aSeMil$bita 100 1 $aBersani, Stefano.$0(OLS)http://semarc/name/5109 245 10$aStoria del cardinale Giulio Alberoni /$cscritta da Stefano Bersani. 260 $aPiacenza :$bFrancesco Solari,$c1861. 300 $a513 p. ;$c24 cm. 600 14$aAlberoni, Giulio .$0(OLS)http://semarc/subject/42049 850 $aSeMil 852 $aSeMil$W1$xVenegono$y1$m3C IV 68 FA$j187664$B187664$CSeMilBibl$Z2$F198573 $8I 996 $6245$aStoria del cardinale Giulio Alberoni$9(OLS)http://semarc/title/338278 996 $6260$aPiacenza :$bFrancesco Solari$9(OLS)http://semarc/publisher/52894 LEADER 00832nam a2200205 i 4500 001 000000007903 003 CaOOAMICUS 005 20240405170048.0 008 180830s1962 it u000 u ita u 040 $aSeMil$bita 100 1 $aAriosto, Ludovico,$d<1474-1533>.$0(OLS)http://semarc/name/1232 245 10$aCommedie /$cLudovico Ariosto. 260 $aMilano :$bRizzoli,$c1962. 300 $a922 p. ;$c16 cm. 650 4$aAriosto, Ludovico <1474-1533> - Opere.$0(OLS)http://semarc/subject/51797 774 0 $aAriosto, Ludovico <1474-1533>$tVolume 1.$kBiblioteca Universale Rizzoli$w()110006 774 0 $aAriosto, Ludovico <1474-1533>$tVolume 2.$kBiblioteca Universale Rizzoli$w()110007 996 $6245$aCommedie$9(OLS)http://semarc/title/867 996 $6260$aMilano :$bRizzoli$9(OLS)http://semarc/publisher/29824 LEADER 00837nam a2200205 i 4500 001 000000179414 003 CaOOAMICUS 005 20250901140505.0 008 090513s1979 xxk u000 u mul u 040 $aSeMil$bita 245 10$a2: The peace ; The birds ; The frogs. 300 $aVI, 442 p. 490 1 $aThe Loeb Classical Library ;$v179 773 0 $aAristophanes <445-385 a.C.>$tAristophanes.$dCambridge, Massachusetts : Harvard University Press ; London : Heinemann, 1979-1982.$g2$w()21311 830 4$aThe Loeb Classical Library ;$v179.$0(OLS)http://semarc/title/26868 850 $aSeMil 852 $aSeMil$W1$xVenegono$y1$m1Y II 52/2$j261190$B130176$CSeMilBibl$Z2$F141670 $81 961 $aOmaggio: Villa don Cesare 996 $6245$a2: The peace ; The birds ; The frogs$9(OLS)http://semarc/title/257598 LEADER 00749nam a2200205 i 4500 001 000000188588 003 CaOOAMICUS 005 20100414000000.0 008 100414s2006 it u000 u ita u 013 $a166803 040 $aSeMil$bita 245 10$aSettembre. 260 $aCinisello Balsamo :$bSan Paolo,$c2006. 300 $a160 p. :$bin gran parte ill. ;$c28 cm. 773 0 $tSanti nella storia.$dCinisello Balsamo : San Paolo, 2006.$g9$w()17380 850 $aSeMil 852 $aSeMil$W1$xVenegono$y1$mSL1.S VII 49$j139227$B139227$CSeMilBibl$Z2$F150829 $8I 961 $aAcquisto: San Paolo (Agente) 996 $6245$aSettembre$9(OLS)http://semarc/title/271414 996 $6260$aCinisello Balsamo :$bSan Paolo$9(OLS)http://semarc/publisher/30129